000
00269nam a2200109Ia 4500
008
190216s9999||||xx |||||||||||||| ||und||
100
_a
Pasad Nl &sane Vs
245
0
_a
Cost Accounting
260
_b
Prentice Hall Of India Pvt Ltd
_c
1979
300
_a
264p
942
_c
BK
999
_c
4592
_d
4592